000 00886nam1a22002171i 4500
001 rc\305306
005 20260406142434.0
035 _a(NLR Aleph) 005630340
090 _a6569792
_c6569792
100 _a20030307g19909999u |0rusy50 ca
101 0 _arus
102 _aRU
105 _ay |||||||||
200 1 _aСоциально-экономические проблемы человека и общества
_e[Учеб. пособие]
_fБелорус. гос. ун-т им. В.И. Ленина. Подгот. курсы
210 _aМинск
_cБГУ
_d1990-
215 _d20
712 0 2 _aБелорусский государственный университет им. В. И. Ленина
_cМинск
_bПодготовительные курсы
_3RU\NLR\AUTH\889921631
_9339370
801 0 _aRU
_bNLR
_gpsbo
801 1 _aRU
_bELAR
_2rusmarc
852 _aNLR
_j90-4/437
942 _cBOOK